-
WAUGH , ANNE.,GRANT, ALLISON
Entry Personal Name
Number of records used in: 1
001 - CONTROL NUMBER
003 - CONTROL NUMBER IDENTIFIER
005 - DATE AND TIME OF LATEST TRANSACTION
- control field:
20221216135330.0
008 - FIXED-LENGTH DATA ELEMENTS
- fixed length control field:
221216|| aca||aabn | a|a d
040 ## - CATALOGING SOURCE
- Original cataloging agency:
OSt
- Transcribing agency:
OSt
100 ## - HEADING--PERSONAL NAME
- Personal name:
WAUGH , ANNE.,GRANT, ALLISON
670 ## - SOURCE DATA FOUND
- Source citation:
Work cat.: (OSt)8066: WAUGH , ANNE.,GRANT, ALLISON , ROSS & WILSON ANATOMY AND PHYSIOLOGY IN HEALTH AND ILLNESS